Hinduismus und Überwindung von Gewalt
| Main Author: | |
|---|---|
| Format: | Print Article |
| Language: | German |
| Check availability: | HBZ Gateway |
| Interlibrary Loan: | Interlibrary Loan for the Fachinformationsdienste (Specialized Information Services in Germany) |
| Published: |
2007
|
| In: |
Innerer Friede und die Überwindung von Gewalt
Year: 2007, Pages: 215-224 |
| Further subjects: | B
Violence
B Hinduism B Non-violence B India |
MARC
| LEADER | 00000caa a22000002c 4500 | ||
|---|---|---|---|
| 001 | 1537567934 | ||
| 003 | DE-627 | ||
| 005 | 20240624173747.0 | ||
| 007 | tu | ||
| 008 | 160405s2007 xx ||||| 00| ||ger c | ||
| 020 | |a 9783936912449 | ||
| 035 | |a (DE-627)1537567934 | ||
| 035 | |a (DE-576)46756793X | ||
| 035 | |a (DE-599)BSZ46756793X | ||
| 040 | |a DE-627 |b ger |c DE-627 |e rakwb | ||
| 041 | |a ger | ||
| 084 | |a 1 |a 0 |2 ssgn | ||
| 100 | 1 | |a Soni, Jayandra |4 aut | |
| 245 | 1 | 0 | |a Hinduismus und Überwindung von Gewalt |c Jayandra Soni |
| 264 | 1 | |c 2007 | |
| 336 | |a Text |b txt |2 rdacontent | ||
| 337 | |a ohne Hilfsmittel zu benutzen |b n |2 rdamedia | ||
| 338 | |a Band |b nc |2 rdacarrier | ||
| 601 | |a Hinduismus | ||
| 650 | 4 | |a Gewalt | |
| 650 | 4 | |a Hinduismus | |
| 650 | 4 | |a Gewaltlosigkeit | |
| 650 | 4 | |a Indien | |
| 650 | 4 | |a Violence | |
| 650 | 4 | |a Hinduism | |
| 650 | 4 | |a Non-violence | |
| 650 | 4 | |a India | |
| 773 | 0 | 8 | |i In |t Innerer Friede und die Überwindung von Gewalt |d Schenefeld : EB-Verlag, 2007 |g (2007), S. 215-224 |h 280 S. |w (DE-627)501809791 |w (DE-576)265598613 |z 3936912440 |z 9783936912449 |7 nnam |
| 773 | 1 | 8 | |g year:2007 |g pages:215-224 |
| 889 | |w (DE-627)597431671 | ||
| 935 | |a mteo | ||
| 935 | |i mdedup | ||
| 951 | |a AR | ||
| ELC | |b 1 | ||
| ITA | |a 1 |t 1 | ||
| LOK | |0 000 xxxxxcx a22 zn 4500 | ||
| LOK | |0 001 2916988416 | ||
| LOK | |0 003 DE-627 | ||
| LOK | |0 004 1537567934 | ||
| LOK | |0 005 20160405162124 | ||
| LOK | |0 008 160404||||||||||||||||ger||||||| | ||
| LOK | |0 040 |a DE-Tue135 |c DE-627 |d DE-Tue135 | ||
| LOK | |0 092 |o n | ||
| LOK | |0 852 |a DE-Tue135 | ||
| LOK | |0 852 1 |9 00 | ||
| LOK | |0 935 |a ixko |a ixmi | ||
| LOK | |0 939 |a 04-04-16 |b l01 | ||
| ORI | |a SA-MARC-ixtheoa001.raw | ||
| REL | |a 1 | ||
| STA | 0 | 0 | |a Hinduism,Hinduism,India,India,India,India,India,India,India,India,Southern India,Northeastern India,Northwestern India,Southeastern India,Northern India,Western India,Non-violence,Nonviolence,Violence,Violence,Violence in literature |
| STB | 0 | 0 | |a Hindouisme,Hindouisme,Inde,Non-violence,Violence,Violence |
| STC | 0 | 0 | |a Hinduismo,Hinduismo,India,No violencia,Violencia,Violencia |
| STD | 0 | 0 | |a India,Induismo,Induismo,Nonviolenza,Violenza,Violenza |
| STE | 0 | 0 | |a 印度,印度教,暴力,暴力,武力,武力,非暴力,反暴力 |
| STF | 0 | 0 | |a 印度,印度教,暴力,暴力,武力,武力,非暴力,反暴力 |
| STG | 0 | 0 | |a Hinduísmo,Hinduísmo,Não violência,Violência,Violência,Índia |
| STH | 0 | 0 | |a Власть,Власть,Сила,Сила (мотив),Индия (мотив),Индуизм (мотив),Индуизм,Ненасилие |
| STI | 0 | 0 | |a Βία (μοτίβο),Βία,Ινδία (μοτίβο),Ινδουισμός (μοτίβο),Ινδουισμός,Μη βία |
| SUB | |a REL | ||
| SYE | 0 | 0 | |a Hinduism,Brahmanismus,Vedic religion , Gewaltfreiheit,gewaltfreie Aktion,Gewaltfreiheit , India , Bharat,Indische Union,Altindien,Hindustan,Hindostan,Indien,Indie,Indian Union,Bhārata Gaṇarājya,Bhārata,Indien,Republik Indien,Indien,Dominion of India,India,Republic of India,Inde,Indië,Bharata,Indiia,Indland,Hindiston Respublikasi,Satharanarat 'India,Yin-tu |



